| 000 | 00997nam a22002535i 4500 | ||
|---|---|---|---|
| 001 | 166869 | ||
| 003 | ES-MaACL | ||
| 005 | 20230906213423.0 | ||
| 008 | 980810s1900 sp a b |||| | spa d | ||
| 040 |
_aCCPB | B _bspa _cCCPB | B |
||
| 080 | _a015(460.351 C.) | ||
| 080 | _a016:094(460.351 C.)"15/18" | ||
| 100 | 1 |
_aValdenebro y Cisneros, José María de. _9133494 |
|
| 245 | 1 | 3 |
_aLa imprenta en Córdoba _b: ensayo bibliográfico / _cpor José María de Valdenebro y Cisneros. |
| 260 |
_aMadrid : _b[s.n.], _c1900 ( _fEst. Tip. Sucesores de Rivadeneyra) |
||
| 300 |
_aXXXI, 721 p. : _bil. ; _c28 cm. |
||
| 500 | _aObra premiada por la Biblioteca Nacional en el concurso público de 1896 e impresa a expensas del Estado. | ||
| 597 | _aPort. con esc. calc. | ||
| 597 | _aTexto a dos col. | ||
| 650 | 4 |
_aBibliografías cordobesas. _9155232 |
|
| 650 | 4 |
_aLibros antiguos- _zCórdoba- _vBibliografías. _9155233 |
|
| 752 |
_aEspaña - _dMadrid |
||
| 852 |
_aES-MaACL _jB-3402 _z-- Enc. hol. |
||
| 999 |
_c166869 _d166869 |
||